Reglament general orgànic de la Creu Roja : aprovat pel Ple de l'Assemblea Suprema en sessió extraordinària del 3 de febrer de 1989 / Creu Roja Espanyola aprovat pel Ple de l'Assemblea Suprema en sessió extraordinària del 3 de febrer de 1989 / Creu Roja Espanyola
Descripción Física:
95 p. ; 21 cm
MARC
| LEADER | 00000nam a2200000Ia 4500 | ||
|---|---|---|---|
| 001 | 15893 | ||
| 008 | 160829s9999 xx 000 0 cat d | ||
| 080 | |a S-1-194 | ||
| 110 | 2 | |a Creu Roja Espanyola. |9 55247 |b Oficina Autonòmica de Catalunya | |
| 245 | |a Reglament general orgànic de la Creu Roja : |b aprovat pel Ple de l'Assemblea Suprema en sessió extraordinària del 3 de febrer de 1989 / Creu Roja Espanyola | ||
| 260 | |a Barcelona : |b Assemblea Catalana de la Creu Roja. Departament d'Informació, D.L. 1989 | ||
| 300 | |a 95 p. ; |c 21 cm | ||
| 590 | |a Prové de Q-697 | ||
| 650 | |a Creu Roja Espanyola |x Reglaments i procediments |9 46754 | ||
| 901 | |a Arxiu | ||
| 942 | |n 1 |2 udc | ||
| 952 | |0 0 |1 0 |4 0 |6 S1194 |7 1 |9 53426 |a Arxiu |b Arxiu |d 2016-12-01 |l 0 |o S-1-194 |p 15893 |r 2016-12-01 00:00:00 |w 2016-12-01 |y ARXIU | ||
| 999 | |c 57292 |d 57292 | ||